书目信息 |
| 题名: |
周恩来经历记述
|
|
| 作者: | 曹应旺, 编著 | |
| 分册: | ||
| 出版信息: | 上海 上海人民出版社 2006.01 |
|
| 页数: | 251页 | |
| 开本: | 23cm | |
| 丛书名: | ||
| 单 册: | ||
| 中图分类: | K827=7 | |
| 科图分类: | ||
| 主题词: | ||
| 电子资源: | ||
| ISBN: | 7-208-05963-2 | |
| 000 | 00560nam0 2200181 450 | |
| 001 | 0654073281 | |
| 005 | 20061130093437.42 | |
| 010 | @a7-208-05963-2@dCNY26.00 | |
| 099 | @aCAL 012006013481 | |
| 200 | 1 | @a周恩来经历记述@AZhou En Lai Jing Li Ji Shu@f曹应旺编著 |
| 205 | @a修订本 | |
| 210 | @a上海@c上海人民出版社@d2006.01 | |
| 215 | @a251页@c图@d23cm | |
| 330 | @a本书以周恩来在不同场合的谈话、通信、即席讲话中的自述为线索,记述了周恩来的生平。 | |
| 690 | @aK827=7@v4 | |
| 701 | 0 | @a曹应旺,@ACao Ying Wang@f1951-@4编著 |
| 801 | 0 | @c20061130 |
| 905 | @a10447@dK827=7@eC167 | |
| 周恩来经历记述/曹应旺编著.-修订本.-上海:上海人民出版社,2006.01 |
| 251页:图;23cm |
| ISBN 7-208-05963-2:CNY26.00 |
| 本书以周恩来在不同场合的谈话、通信、即席讲话中的自述为线索,记述了周恩来的生平。 |
| ● |
| 相关链接 |
|
|
|
正题名:周恩来经历记述
索取号:K827=7/C167
 
预约/预借
| 序号 | 登录号 | 条形码 | 馆藏地/架位号 | 状态 | 备注 |
| 1 | 227439 | 202274396 | 社科库309/309社科库 59排1列5层/ [索取号:K827=7/C167] | 在馆 | |
| 2 | 227440 | 202274403 | 社科库309/309社科库 59排1列5层/ [索取号:K827=7/C167] | 在馆 | |
| 3 | 227441 | 202274412 | 社科库309/309社科库 59排7列5层/ [索取号:K827=7/C167] | 在馆 | |
| 4 | 604576 | 206045769 | 社科库309/309社科库 58排6列5层/ [索取号:K827=7/C167] | 在馆 | |
| 5 | 604577 | 206045778 | 自科二线404/400A自科库 17排2列1层/ [索取号:K827=7/C167] | 在馆 | |
| 6 | 604578 | 206045787 | 社科库309/309社科库 58排6列5层/ [索取号:K827=7/C167] | 在馆 |